[Event "HCL-A121"]
[Site "www.playchess.de"]
[Date "2001.04.10"]
[Round "2"]
[White "ggaarrii"]
[Black "Tarrega"]
[WhiteElo "1283"]
[BlackElo "1690"]
[PlyCount "59"]
[Result "1-0"]

1.e4 c5 2.d3 e6 3.Nf3 Nc6 4.g3 g6 5.Bg2 Bg7 6.O-O 
Nge7 7.c3 O-O 8.Be3 b6 9.Qd2 d5 10.exd5 exd5 
11.Bh6 Bxh6 12.Qxh6 Nf5 13.Qd2 Ba6 14.Na3 f6 
15.Nc2 Qd7 16.Rfe1 Rae8 17.Bh3 Nce7 18.b3 d4 
19.cxd4 Nxd4 20.Ncxd4 Qxh3 21.Ne6 Bb7 22.Re3 Rf7 
23.Rae1 g5 24.Qe2 Rc8 25.Rc1 Nf5 26.Nexg5 fxg5 
27.Re8+ Rxe8 28.Qxe8+ Kg7 29.Qxf7+ Kxf7 
30.Nxg5+ 1-0

[Event "HCL-C274"]
[Site "www.playchess.de"]
[Date "2001.04.10"]
[Round "5"]
[White "Claire"]
[Black "YoYo"]
[WhiteElo "754"]
[BlackElo "1552"]
[PlyCount "68"]
[Result "0-1"]

1.e4 c5 2.Nc3 Nc6 3.Nf3 d6 4.Bc4 e6 5.d3 Nf6 6.Bg5 
Be7 7.O-O O-O 8.Qd2 Qb6 9.Bh6 gxh6 10.Qf4 Qxb2 
11.Qg3+ Kh8 12.Ne2 Ne5 13.Nf4 Nxf3+ 14.Qxf3 e5 
15.Nh5 Bg4 16.Rab1 Qxb1 17.Rxb1 Bxf3 18.gxf3 Nxh5 
19.Rxb7 Rfg8+ 20.Kf1 Bh4 21.Bxf7 Rg7 22.a4 Rf8 
23.Bd5 Rxb7 24.Bxb7 Rxf3 25.Ke2 Rxf2+ 26.Kd1 Bg5 
27.Ke1 Rxc2 28.Kd1 Rxh2 29.Bc8 Bd2 30.Kc2 Nf4 
31.Kb3 Nxd3 32.Kc4 Nb4 33.Kb5 Re2 34.Bb7 
h5 0-1

[Event "HCL-C274"]
[Site "www.playchess.de"]
[Date "2001.04.10"]
[Round "9"]
[White "Pineywoods"]
[Black "lienk"]
[WhiteElo "1201"]
[BlackElo "1021"]
[PlyCount "49"]
[Result "1-0"]

1.e4 e5 2.f4 Nc6 3.Nf3 Nf6 4.d3 Bc5 5.h3 d6 6.Nc3 
Nh5 7.Ne2 Nd4 8.Nfxd4 Qh4+ 9.g3 Nxg3 10.Nf3 Nxh1+ 
11.Nxh4 Bf2+ 12.Kd2 Bxh4 13.Bg2 Nf2 14.Qg1 O-O 
15.Kc3 exf4 16.Bxf4 Be6 17.Be3 Nxh3 18.Bxh3 Bxh3 
19.Qh2 Bf6+ 20.d4 Bd7 21.Rh1 h6 22.e5 dxe5 23.dxe5 
Be7 24.Bxh6 Bf5 25.Bxg7 1-0

[Event "HCL-A121"]
[Site "www.playchess.de"]
[Date "2001.04.10"]
[Round "8"]
[White "Translightor"]
[Black "die_king_die"]
[WhiteElo "1447"]
[BlackElo "1700"]
[PlyCount "33"]
[Result "1-0"]

1.e4 {Welcome and good luck!}  e5 2.Nf3 Nc6 3.Bb5 
d6 4.d4 exd4 5.Qxd4 Bd7 6.Bxc6 Bxc6 7.Nc3 h6 8.Bf4 
Nf6 9.e5 Bxf3 10.exf6 gxf6 11.gxf3 Qe7+ 12.Kd2 Qd7 
13.Rae1+ Be7 14.Qxf6 Rg8 15.Nd5 Rg6 16.Qh8+ Rg8 
17.Qxg8+ 1-0

[Event "HCL-C263"]
[Site "www.playchess.de"]
[Date "2001.04.10"]
[Round "10"]
[White "sander"]
[Black "Michael2001"]
[WhiteElo "867"]
[BlackElo "798"]
[PlyCount "50"]
[Result "0-1"]

1.e4 e5 2.Nf3 Nc6 3.d4 Nf6 4.dxe5 Nxe4 5.Bc4 h6 
6.Qd5 Qe7 7.Qxe4 d6 8.Bf4 dxe5 9.Nxe5 Nxe5 10.Bxe5 
f6 11.Bb5+ c6 12.Bxc6+ Bd7 13.Bxb7 Qb4+ 14.Bc3+ 
Qxe4+ 15.Bxe4 Rb8 16.O-O Bb4 17.a3 Bxc3 18.Nxc3 
Rxb2 19.Rab1 Rxb1 20.Rxb1 Kf7 21.Rb7 Rd8 22.Rxa7 
f5 23.Bd5+ Kf6 24.a4 Re8 25.a5 
Re1+ 0-1

[Event "HCL-A126"]
[Site "www.playchess.de"]
[Date "2001.04.10"]
[Round "3"]
[White "Rparkes"]
[Black "Tinho"]
[WhiteElo "1664"]
[BlackElo "1846"]
[PlyCount "51"]
[Result "1-0"]

1.d4 d5 2.c4 c6 3.Nc3 e6 4.Nf3 dxc4 5.a4 Bb4 6.e4 
b5 7.Be2 Bb7 8.O-O a6 9.Qc2 Nf6 10.Bg5 h6 11.Bh4 
Nbd7 12.e5 g5 13.Bg3 Nd5 14.Ne4 N7b6 15.a5 Nc8 
16.Nc5 Bxc5 17.dxc5 Qe7 18.Nd2 Qxc5 19.Ne4 Qe7 
20.Rfd1 Ra7 21.Bh5 Ba8 22.Qe2 c5 23.Nf6+ Nxf6 
24.exf6 Qf8 25.Qxe6+ Re7 {Happy birthday!}  
26.Qxc8+ 1-0

[Event "HCL-C270"]
[Site "www.playchess.de"]
[Date "2001.04.10"]
[Round "16"]
[White "craigsadler"]
[Black "hercos"]
[WhiteElo "800"]
[BlackElo "1001"]
[PlyCount "33"]
[Result "1-0"]

1.e4 c5 2.Nf3 d6 {hi, what do you do}  3.d4 cxd4 
4.Nxd4 Nf6 5.Nc3 a6 6.Bc4 e6 7.Bb3 Be7 8.O-O Qc7 
9.Bg5 Nbd7 10.Bxe6 fxe6 11.Nxe6 Qb6 12.Nxg7+ Kf7 
13.Nf5 Qxb2 14.Nh6+ Ke8 15.Nd5 Ra7 16.Qh5+ Kf8 
17.Qf7+ 1-0

[Event "HCL-A122"]
[Site "www.playchess.de"]
[Date "2001.04.10"]
[Round "2"]
[White "frm"]
[Black "THEGREENMILE"]
[WhiteElo "1732"]
[BlackElo "1700"]
[PlyCount "23"]
[Result "1-0"]

1.Nf3 d5 2.c4 c6 3.g3 Nf6 4.Bg2 dxc4 5.Qc2 b5 6.a4 
Bb7 7.Ne5 Qb6 8.Nc3 e6 9.d4 Qxd4 10.Bf4 Bb4 
11.axb5 cxb5 12.Bxb7 1-0

[Event "HCL-B276"]
[Site "www.playchess.de"]
[Date "2001.04.10"]
[Round "10"]
[White "CHARON"]
[Black "manchu"]
[WhiteElo "1557"]
[BlackElo "1200"]
[PlyCount "39"]
[Result "1-0"]

1.e4 e5 2.Nf3 Qf6 3.Nc3 Bc5 4.Nd5 Qh6 5.Nxc7+ Kd8 
6.Nxa8 Nc6 7.d4 Nxd4 8.Bxh6 gxh6 9.Nxd4 Bxd4 10.c3 
Bc5 11.Qd5 d6 12.Qxf7 Ne7 13.Rd1 Bg4 14.Be2 Bd7 
15.b4 Bb6 16.Rxd6 Re8 17.Nxb6 axb6 18.Bb5 Kc7 
19.Rxd7+ Kc8 20.Qxe8+ 1-0

[Event "HCL-B276"]
[Site "www.playchess.de"]
[Date "2001.04.10"]
[Round "16"]
[White "lonewolf"]
[Black "pj287"]
[WhiteElo "1616"]
[BlackElo "1408"]
[PlyCount "70"]
[Result "1/2-1/2"]

1.c4 {Hi,have a good game}  c5 {Same to you from 
Port Jervis,NY.}  2.Nf3 Nf6 3.g3 g6 4.b3 Bg7 5.Bb2 
O-O 6.Bg2 d6 7.O-O e5 8.d3 Nc6 9.Nc3 Rb8 10.e3 a6 
11.Ng5 h6 12.Nge4 Nxe4 13.dxe4 Be6 14.Qd3 Qc7 
15.Rad1 Rfd8 16.Nd5 Bxd5 17.cxd5 Ne7 18.Qc2 b5 
19.Rfe1 a5 20.f4 f6 21.Bh3 Rb6 22.fxe5 fxe5 
23.Be6+ Kh7 24.Ref1 Rbb8 25.Qe2 b4 26.Rf7 Rdf8 
27.Rdf1 Rxf7 28.Rxf7 Rf8 29.Rxf8 Bxf8 30.h4 Bg7 
31.g4 Qd8 32.g5 Qf8 33.Kg2 Ng8 34.Kh2 Qd8 35.Qg2 
Qf8 1/2-1/2

[Event "HCL-C268"]
[Site "www.playchess.de"]
[Date "2001.04.10"]
[Round "36"]
[White "Lukas"]
[Black "Phlo"]
[WhiteElo "1000"]
[BlackElo "986"]
[PlyCount "63"]
[Result "1-0"]

1.e4 e5 2.Nf3 Nc6 3.Bb5 Nf6 4.O-O Nxe4 5.d4 exd4 
6.Re1 d5 7.Qxd4 a6 8.Bxc6+ bxc6 9.Ng5 f6 10.Nxe4 
dxe4 11.Qxe4+ Kf7 12.Qxc6 Rb8 13.Qc4+ Kg6 14.Nc3 
Bb4 15.Bd2 Qxd2 16.Re3 Bxc3 17.Rg3+ Kf5 18.bxc3 g5 
19.Rd3 Qxc2 20.g4+ Kg6 21.Qe4+ Kg7 22.Rd7+ Bxd7 
23.Qxc2 Rhe8 24.Qd3 Bxg4 25.Qxa6 Bf3 26.Qd3 Rb2 
27.Qxf3 Ree2 28.a4 c5 29.a5 Rba2 30.Qb7+ Kg6 
31.Rxa2 Rxa2 32.Qb1+ 1-0

[Event "HCL-B283"]
[Site "www.playchess.de"]
[Date "2001.04.10"]
[Round "18"]
[White "lonewolf"]
[Black "Lycanth"]
[WhiteElo "1649"]
[BlackElo "1242"]
[PlyCount "83"]
[Result "1-0"]

1.d4 {Hi,good luck}  Nf6 2.c4 g6 3.Nc3 Bg7 4.e4 d6 
5.Be2 O-O 6.Nf3 Nbd7 7.O-O e5 8.d5 Nc5 9.Nd2 Bh6 
10.Qc2 c6 11.b4 Ncd7 12.Bb2 c5 13.a3 b6 14.Ra2 Nb8 
15.bxc5 bxc5 16.Rb1 Nfd7 17.Nb5 Qb6 18.Ba1 a6 
19.Nc3 Qc7 20.Qd3 Nb6 21.a4 a5 22.Nb5 Qe7 23.Qb3 
N6d7 24.Nc7 Ra7 25.Nb5 Rb7 26.Qc3 Na6 27.Ra3 Nf6 
28.Bf3 Ne8 29.Qxa5 Bxd2 30.Qxd2 f5 31.exf5 Bxf5 
32.Rc1 Nec7 33.Re3 Nxb5 34.cxb5 Nb4 35.Bxe5 dxe5 
36.d6 Qe6 37.Bxb7 Rd8 38.Rxc5 Rxd6 39.Qxb4 Qa2 
40.Rcxe5 Rd2 41.R5e8+ Kg7 42.Qf8+ 1-0

[Event "ACL-A146"]
[Site "www.playchess.de"]
[Date "2001.04.10"]
[Round "9"]
[White "larryo"]
[Black "Blocus"]
[WhiteElo "1500"]
[BlackElo "1500"]
[PlyCount "32"]
[Result "0-1"]

1.e4 d6 2.Bc4 Nf6 3.Nc3 e5 4.Nf3 h6 5.O-O Nbd7 
6.d4 Be7 7.Nh4 g6 8.f4 exd4 9.Qxd4 d5 10.exd5 Bc5 
11.Re1+ Kf8 12.Qxc5+ Nxc5 13.b4 Ng4 14.Nf3 Qf6 
15.Bb2 Qb6 16.Kh1 Nf2+ 0-1

[Event "HCL-B286"]
[Site "www.playchess.de"]
[Date "2001.04.10"]
[Round "2"]
[White "DrJon"]
[Black "Squire_Bob"]
[WhiteElo "1552"]
[BlackElo "1200"]
[PlyCount "23"]
[Result "1/2-1/2"]

1.d4 {have a good game}  d5 {I look forward to 
this. Best wishes.}  2.Nf3 Nf6 3.Bf4 c5 4.dxc5 Nc6 
5.c3 e6 6.b4 Be7 7.e3 O-O 8.Nd4 Qe8 9.Nd2 e5 
10.Nxc6 {good move}  e4 11.Nxe7+ Qxe7 
12.Bd6 1/2-1/2

[Event "HCL-B281"]
[Site "www.playchess.de"]
[Date "2001.04.10"]
[Round "18"]
[White "DrJon"]
[Black "Arkadin"]
[WhiteElo "1552"]
[BlackElo "1200"]
[PlyCount "27"]
[Result "1-0"]

1.d4 {have a good game from cheyenne wyoming usa}  
Nf6 2.Nf3 d5 3.Bf4 c5 4.dxc5 e6 5.b4 a5 6.c3 axb4 
7.cxb4 Nc6 8.Bd2 b6 9.b5 Na7 10.cxb6 {onward brave 
but stupid pawns}  Qxb6 11.Nc3 d4 12.Na4 
{questionable knights}  Qb7 13.Rb1 {good knight}  
Qd5 14.Nb6 1-0

[Event "HCL-C276"]
[Site "www.playchess.de"]
[Date "2001.04.10"]
[Round "11"]
[White "Lukas"]
[Black "Stephen21"]
[WhiteElo "542"]
[BlackElo "1175"]
[PlyCount "89"]
[Result "1-0"]

1.e4 e5 2.Nf3 Nc6 3.Bb5 Nf6 4.O-O Bc5 5.Nxe5 Nxe5 
6.d4 Bxd4 7.Qxd4 Neg4 8.e5 O-O 9.exf6 Qxf6 10.Qxg4 
d6 11.Qf4 Qxf4 12.Bxf4 Bf5 13.Bd3 Bxd3 14.cxd3 
Rad8 15.Nc3 c6 16.Rfe1 b5 17.Kf1 a5 18.Re2 h6 
19.Rae1 Kh7 20.Ne4 d5 21.Nc5 a4 22.R2e7 f6 23.Rd7 
Rde8 24.Rxe8 Rxe8 25.Rd6 Re7 26.Re6 Ra7 27.Rxc6 b4 
28.Rd6 a3 29.b3 Ra5 30.d4 Kg6 31.Ke2 Kf5 32.Ke3 g5 
33.Rxd5+ Kg4 34.h3+ Kh5 35.g3 Kg6 36.Bc7 Ra7 
37.Rd7 Ra8 38.Nd3 Rc8 39.Nxb4 f5 40.Nc6 Re8+ 
41.Re7 Rf8 42.b4 Rf6 43.b5 f4+ 44.gxf4 Rxf4 
45.Bxf4 1-0

[Event "ACL-A154"]
[Site "www.playchess.de"]
[Date "2001.04.10"]
[Round "7"]
[White "suez"]
[Black "Unlive666"]
[WhiteElo "1500"]
[BlackElo "1500"]
[PlyCount "35"]
[Result "1-0"]

1.e4 Nf6 2.e5 Nd5 3.d4 Nc6 4.c4 Ndb4 5.a3 Na6 6.b4 
g6 7.b5 Ncb8 8.bxa6 Nxa6 9.Nf3 e6 10.Nc3 h5 11.Bg5 
f6 12.exf6 Rh7 13.Bd3 Be7 14.Bxg6+ Rf7 15.Bxf7+ 
Kxf7 {???}  16.Ne5+ {!!!}  Ke8 17.Qxh5+ Kf8 
18.Qf7+ 1-0

[Event "HCL-B282"]
[Site "www.playchess.de"]
[Date "2001.04.10"]
[Round "4"]
[White "mcgaughp"]
[Black "SAROS"]
[WhiteElo "1500"]
[BlackElo "1273"]
[PlyCount "45"]
[Result "1-0"]

1.e4 c6 2.d4 e6 3.e5 Ne7 4.Nc3 Nd5 5.Ne4 d6 6.exd6 
Bxd6 7.Nxd6+ Qxd6 8.Nf3 Nd7 9.Be2 O-O 10.O-O N7f6 
11.c4 Nc7 12.Bd3 b6 13.Bg5 Nce8 14.Qe2 h6 15.Bd2 
Bb7 16.Rfd1 c5 17.dxc5 Qxc5 18.b4 Qh5 19.Rac1 Ng4 
20.h3 Bxf3 21.Qxf3 Ngf6 22.Qxa8 Nd6 
23.Qxa7 1-0

[Event "HCL-M018"]
[Site "www.playchess.de"]
[Date "2001.04.10"]
[Round "5"]
[White "dzwonek"]
[Black "bundyboy"]
[WhiteElo "2353"]
[BlackElo "2381"]
[PlyCount "45"]
[Result "1-0"]

1.d4 d5 {Let`s play some chess.}  2.Nf3 {ok}  Nf6 
3.c4 c6 4.e3 a6 5.Nc3 b5 6.cxd5 cxd5 7.Bd3 Bg4 
8.h3 Bxf3 9.Qxf3 Nc6 10.O-O e6 11.Bd2 Bd6 12.Rfc1 
Rc8 13.Ne2 O-O 14.Nf4 e5 15.Nxd5 Nxd5 16.Qxd5 exd4 
17.Qe4 f5 18.Qe6+ Kh8 19.Bxf5 Rc7 20.a4 dxe3 
21.Bxe3 Re7 22.Qb3 Nb4 23.Rc8 {Surprise?} 
 1-0

[Event "HCL-E053"]
[Site "www.playchess.de"]
[Date "2001.04.10"]
[Round "2"]
[White "Radost"]
[Black "peze"]
[WhiteElo "1990"]
[BlackElo "2052"]
[PlyCount "30"]
[Result "1/2-1/2"]

1.e4 {hi. ich fand die öffentliche kritik an dir 
unbegründet! Hast peze2 aufgegeben. War erfreut 
;)}  e5 {Hi! Danke! Ja, peze2 ist gestorben; er 
ruhe in Frieden! :-)}  2.Nf3 {dann wollen wir mal 
sehen, ob "peze" hier auch "stirbt" (durch 
Matt)-:)}  Nf6 {...sag mir rechtzeitig 
Bescheid.;-) Wie wär's mit "Petroff" ?}  3.d4 
{dann aber gleich "Petrofff" (mit 3xf) wie 
"Pfeiffer" (Feuerzangenbowle)!}  Nxe4 {...Petrofff 
... Petroff ... Petrov ... Petrow  ... "Russisch" 
eben ;-))}  4.Bd3 {ich sei gleich das Ärmliche 
(Russische) an deiner Verteidigung ;-))}  d5 
{...warum ziehst Du auch nicht 3.Sxe5 :-(}  5.Nxe5 
{um dich ein klein wenig zu ärgern! Ich halte 3.d4 
für besser}  Nd7 {...für weiss! Damit muß man halt 
leben. ;-)}  6.Nxd7 {Noch folgen wir unserer 
vorgängerpartie!}  Bxd7 {....es gibt nichts 
besseres!}  7.O-O Bd6 8.Qh5 {dann muß ich die 
Verstärkung zur letzten Partie anbringen!}  Nf6 
{...das wird sich zeigen!}  9.Re1+ {du mußt noch 
etwas warten, ok?!}  Kf8 {...geduldiges Spiel ist 
eine meiner Stärken ;-)}  10.Qh4 {Du hast jetzt 
besser als damals fortgesetzt! Hut ab!}  Ng4 
{...ich werd' noch Russisch-Spezialist. Mit 
"paule" hab' ich schon heiße "Russen" gespielt. 
;-)}  11.Qxd8+ {Nun wird UNSER Spiel eher kalt, 
was solls.}  Rxd8 {...ohne Ladys geht's auch!}  
12.h3 {stimmt, es ist derzeit forciertes Spiel 
unter Gentlemen!}  Nf6 {...erzwungen}  13.Nd2 Re8 
{...die e-Linie etwas entschärfen. (vielleicht 
vorher g6!?)}  14.Rxe8+ {jetzt schlafen wir fast 
ein - Dank Russsisch}  Kxe8 {...dank 3.d4! Nach 
13. ... g6 14.Sf3 Kg7 15.Se5 Lc8 sähe es für weiß 
etwas besser aus, denk ich.}  15.Nf3 {stimmt! 
Willst du noch weiterspielen?}  h6 {Ich denke das 
lohnt nicht und auf Fehler warten ? Bis demnächst! 
Gruß Peter}  1/2-1/2

[Event "HCL-B290"]
[Site "www.playchess.de"]
[Date "2001.04.10"]
[Round "10"]
[White "marvinni"]
[Black "vijal"]
[WhiteElo "1500"]
[BlackElo "739"]
[PlyCount "27"]
[Result "1-0"]

1.e4 e5 2.Nf3 Nc6 3.Bc4 Bc5 4.b4 Bxb4 5.c3 Bc5 
6.d4 exd4 7.O-O dxc3 8.Bxf7+ Kxf7 9.Qd5+ Kf8 
10.Qxc5+ Qe7 11.Qxc3 d6 12.Ba3 Nf6 13.e5 dxe5 
14.Bxe7+ 1-0

[Event "HCL-C287"]
[Site "www.playchess.de"]
[Date "2001.04.10"]
[Round "4"]
[White "gordi"]
[Black "Fulgore"]
[WhiteElo "1000"]
[BlackElo "1000"]
[PlyCount "51"]
[Result "1-0"]

1.e4 {hi}  e5 2.Nf3 d6 3.Bc4 Qd7 4.Nc3 Nf6 5.Bb5 
c6 6.Bc4 Qg4 7.O-O Be7 8.d3 O-O 9.Bg5 h6 10.h3 Qh5 
11.Bxf6 Bxf6 {Good Move!}  12.Re1 Re8 13.Nh2 Nd7 
14.Qxh5 g6 15.Qxh6 Nf8 16.Nf3 Bg7 17.Qh4 Nd7 
18.Ng5 d5 {Been  playing long?}  19.Qh7+ Kf8 
20.exd5 Nf6 21.Qh4 Ke7 22.Rxe5+ Be6 23.dxe6 fxe6 
24.Nxe6 Reh8 25.Nxg7+ Kf8 26.Qxf6+ 1-0

[Event "HCL-B294"]
[Site "www.playchess.de"]
[Date "2001.04.10"]
[Round "8"]
[White "vijal"]
[Black "O_Man"]
[WhiteElo "737"]
[BlackElo "1170"]
[PlyCount "55"]
[Result "1-0"]

1.e4 e5 2.Nf3 Nc6 3.Bc4 Bc5 4.Nc3 d6 5.h3 Nf6 6.d3 
Be6 7.Bxe6 fxe6 8.Be3 Bb4 9.a3 Ba5 10.b4 Nxb4 
11.axb4 Bxb4 12.Bd2 d5 13.O-O h5 14.Nxe5 dxe4 
15.dxe4 Qd4 16.Nf3 Qd7 17.Rb1 a5 18.Ne5 Qd6 19.Nc4 
Qd8 20.Qe2 g5 21.Bxg5 Bxc3 22.e5 Rg8 23.Bxf6 Qd5 
24.Ne3 Qc6 25.Qxh5+ Kd7 26.Qf7+ Kc8 27.Qxg8+ Kd7 
28.Rfd1+ 1-0

[Event "HCL-B292"]
[Site "www.playchess.de"]
[Date "2001.04.10"]
[Round "7"]
[White "Lycanth"]
[Black "e4forme"]
[WhiteElo "1211"]
[BlackElo "1538"]
[PlyCount "37"]
[Result "1-0"]

1.e4 e5 {Hello............Good Luck!}  2.Nf3 Nc6 
3.Bb5 {Hi :) good luck}  a6 4.Bxc6 dxc6 5.O-O Bg4 
6.h3 Bh5 7.c3 Nf6 8.Re1 Bd6 9.d4 Qe7 10.Bf4 exf4 
{Interesting Move!}  11.e5 O-O-O 12.exd6 Qxd6 
13.Nbd2 Rhe8 14.Qb3 c5 15.Nc4 Rxe1+ 16.Rxe1 Qf8 
17.Nfe5 cxd4 18.Na5 b6 19.Qc4 1-0

[Event "HCL-B292"]
[Site "www.playchess.de"]
[Date "2001.04.10"]
[Round "11"]
[White "e4forme"]
[Black "GAZOLA"]
[WhiteElo "1538"]
[BlackElo "1362"]
[PlyCount "47"]
[Result "1-0"]

1.e4 {Hello and Good Luck.}  e5 {thanks, good luck 
for you too..}  2.Nf3 Nc6 3.Bc4 Bc5 4.c3 Nf6 5.d4 
exd4 6.cxd4 Bb4+ 7.Nc3 Nxe4 8.O-O Bxc3 {I CAN SEE 
THAT YOU KNOW VERY WELL GIUCO PIANNO OPENING}  
9.bxc3 {Thanks, Actually I'm trying to learn it.}  
d5 10.Ba3 {I should play Bb5, but this looks 
playable}  dxc4 {i think Bb5 was better than Ba3}  
11.Re1 f5 12.Nd2 Kf7 13.Nxe4 fxe4 14.Rxe4 Bf5 
15.Qf3 Qf6 16.Rf4 g6 17.g4 Rhg8 18.gxf5 gxf5+ 
19.Kf1 Kg6 20.Rb1 Rab8 21.Rb5 Kg7 {you'll mate 
soon...}  22.Rbxf5 Qg6 23.Rg4 Rbf8 
24.Bxf8+ 1-0

[Event "HCL-B297"]
[Site "www.playchess.de"]
[Date "2001.04.10"]
[Round "4"]
[White "koogan"]
[Black "tdbrowns"]
[WhiteElo "1200"]
[BlackElo "1200"]
[PlyCount "27"]
[Result "1-0"]

1.e4 e5 2.Nf3 Nc6 3.Bb5 Nf6 4.O-O Nxe4 5.d4 a6 
6.Bxc6 b6 7.Bxe4 d5 8.Bg5 f6 9.Nxe5 dxe4 10.Qh5+ 
g6 11.Nxg6 Rg8 12.Ne5+ Rg6 13.Qxh7 Rg7 
14.Qh5+ 1-0

[Event "HCL-C293"]
[Site "www.playchess.de"]
[Date "2001.04.10"]
[Round "20"]
[White "dijk"]
[Black "El-Haddad"]
[WhiteElo "1089"]
[BlackElo "1000"]
[PlyCount "34"]
[Result "0-1"]

1.e4 d5 2.exd5 Qxd5 3.d4 Nc6 4.Nf3 Bg4 5.Be3 Bxf3 
6.Qxf3 Qxf3 7.gxf3 O-O-O 8.Nc3 Nxd4 9.O-O-O e5 
10.f4 Bd6 11.fxe5 Bxe5 12.Bh3+ Kb8 {nice played}  
13.f4 Bf6 14.Ne4 h5 15.Nxf6 Ne2+ 16.Kb1 Nxf6 
17.Bf1 Rxd1+ 0-1

[Event "HCL-C293"]
[Site "www.playchess.de"]
[Date "2001.04.10"]
[Round "35"]
[White "Martinio"]
[Black "dijk"]
[WhiteElo "1526"]
[BlackElo "1089"]
[PlyCount "21"]
[Result "1-0"]

1.e4 e5 2.Nf3 Nc6 3.Bb5 a6 4.Ba4 Nf6 5.O-O Nxe4 
6.Re1 d5 7.d3 Nc5 8.Nxe5 Be7 9.Bxc6+ bxc6 10.Nxc6 
Qd6 11.Nxe7 1-0

[Event "HCL-M018"]
[Site "www.playchess.de"]
[Date "2001.04.10"]
[Round "10"]
[White "dzwonek"]
[Black "Fenrisulven"]
[WhiteElo "2353"]
[BlackElo "2300"]
[PlyCount "29"]
[Result "1-0"]

1.d4 {Have a good game.}  d5 {Hi, thanx, same to 
yoU!}  2.Nf3 {Thx}  c5 3.e3 {How did you get so 
high rating?}  cxd4 {Im extremely strong...}  
4.exd4 {I asked seriously. Are you really strong 
player or another computer supported "master"?}  
Nc6 5.Bb5 {ok. Do not have to answer.}  Bf5 {Well 
you know I notified my aprecciated strength when I 
signed up, thats about it..}  6.Ne5 {I respect 
your strenght. So you must be listed on ELO rating 
list?}  Qc7 7.Bf4 Qb6 8.Nc3 e6 9.Qh5 Nh6 10.Bxh6 
Bg6 11.Qe2 gxh6 12.Nxd5 Qa5+ 13.c3 Rc8 14.Nxg6 
hxg6 15.Qe5 1-0

[Event "HCL-A131"]
[Site "www.playchess.de"]
[Date "2001.04.10"]
[Round "10"]
[White "Translightor"]
[Black "teenspirit"]
[WhiteElo "1414"]
[BlackElo "1697"]
[PlyCount "37"]
[Result "1-0"]

1.e4 {Hola! Estoy muy encantado de ver a alguien 
de España aquí. Eres catalan, no?}  e6 {Si, soy de 
Barcelona. Y tu?? un castellano perfecto :)}  2.d4 
{Molt bé. Jo visc a Hannover, peró sóc un gran 
"fan" de Barcelona.}  c5 {Carai... el català 
també! que hi fas a Hannover?}  3.d5 {Treballo de 
traductor amb una noia en una petita oficina. Tú, 
que fas? Estudiant?}  exd5 {Jo treballo a 
Saragossa de Consultor d'Administracions 
Públiques. Tinc molts amics traductors!}  4.exd5 
{Peró encara tens familia i amics a Barcelona? Com 
es viu a "l'estranger"?}  d6 {Nomes treballo entre 
setmana, jo soc de Barcelona. Es un projecte al 
govern d'Aragó.}  5.Nc3 {Tens un club d'escacs?}  
Nf6 {Si es clar, la Paretana. Coneixes a un tal 
Pep Julia??}  6.Nf3 {Paretana és de Parets del 
Vallès? En Pep Julia, no'l conec.}  Be7 {Si, sóc 
d'un poble del costat}  7.Be2 {Jo estava pel curs 
93/94 a la UAB de Bellaterra i vaig jugar amb el 
PEC de Cerdanyola.}  O-O {I tant que el conec! amb 
en Grau no?}  8.O-O {En Jaume, sí! És un gran 
president.}  Na6 {Com te dius en realitat?}  9.Re1 
{Em dic Jürgen, pels meus amics catalans Jordi.}  
Nc7 {Jo Josep :) ets d'origen català o alemany?}  
10.a4 {D'origen totalment alemany, però em sento 
més a casa cuando estic a Catalunya.}  b6 {Aixo 
esta be, hi vens sovint?}  11.Rb1 {Els últims tres 
anys no podia fer-ho. Aquest estiu espero que sí.} 
 Bb7 {A veure si jugues algun torneig ;)}  12.Bc4 
{Potser Badalona. I desprès la Festa Major de 
Gràcia :)}  a6 {Jo potser tb hi soc a Badelona}  
13.b4 {M'agradaria si un veurem allì. O un altre 
dia, a un altre lloc...}  Re8 {Si home i tant. 
Allà hi seré}  14.Bf4 {Qué és el teu ELO català? 
Jo tenia 2100 en 1994. En Alemanya tinc 1900.}  
Nd7 {Tinc 2220, 2076 FIDE.}  15.Ne4 {Doncs el teu 
club deu tenir bastant nivell. De quina categoria 
es?}  Ne5 {Estem a segona divisió}  16.Bxe5 {Jo 
jugava normalment en el Cerdanyola B, 4 vegades en 
el A.}  dxe5 17.bxc5 {Quins són els teus millors 
resultats?}  f5 {coi quin desastre de partida. Ho 
deixo. He guanyat algun open per aqui el Valles, 
poca cosa mes}  18.d6+ {Jo, campeó de la UAB en 
1994. Bé, espero que continues lluitant. Encara 
soc capac de fer llenya.}  Kh8 {el teu email? es k 
seguir això... em fa pal :) el meu 
joseppel@hotmail.com}  19.Nxe5 
{Translightor@compuserve.de. Sigui com sigui el 
resultat, espero que farem unes ràpides en 
l'estiu!}  1-0

[Event "HCL-B303"]
[Site "www.playchess.de"]
[Date "2001.04.10"]
[Round "4"]
[White "Farmer"]
[Black "sboehnisch"]
[WhiteElo "1334"]
[BlackElo "1198"]
[PlyCount "31"]
[Result "1-0"]

1.d4 Nf6 2.Nf3 d6 3.g3 Nc6 4.d5 Ne5 5.Bg2 e6 
6.dxe6 Bxe6 7.Nxe5 dxe5 8.Qxd8+ Rxd8 9.Bxb7 Bc5 
10.Bg5 O-O 11.Bxf6 Rdb8 12.Bxe5 Rxb7 13.Nd2 Bf5 
14.e3 Rxb2 15.Bxb2 Bxc2 {uupps :0{}  
16.Rc1 1-0

[Event "HCL-C297"]
[Site "www.playchess.de"]
[Date "2001.04.10"]
[Round "8"]
[White "Lukas"]
[Black "ELCUERVO"]
[WhiteElo "1038"]
[BlackElo "1000"]
[PlyCount "69"]
[Result "1-0"]

1.e4 Nf6 2.e5 Ne4 3.d3 Nc5 4.d4 Ne4 5.f3 Nf2 
6.Kxf2 d6 7.Bf4 Nc6 8.Nc3 Bf5 9.Bc4 e6 10.Bb5 dxe5 
11.Bxc6+ bxc6 12.dxe5 Qxd1 13.Rxd1 Bc5+ 14.Be3 Bb4 
15.Nge2 O-O 16.Rd7 Ba5 17.Rhd1 Bxc2 18.R1d2 Bg6 
19.a3 a6 20.b4 Bb6 21.Nf4 Bxe3+ 22.Kxe3 h6 23.Nxg6 
fxg6 24.Rxc7 Rac8 25.Rxc8 Rxc8 26.Rd6 c5 27.Rxe6 
Kf7 28.Rxa6 cxb4 29.Ne4 b3 30.Nd6+ Ke6 31.Nxc8+ 
Kxe5 32.Ne7 g5 33.Rb6 h5 34.h4 gxh4 
35.f4+ 1-0

[Event "HCL-C300"]
[Site "www.playchess.de"]
[Date "2001.04.10"]
[Round "6"]
[White "borat"]
[Black "MEATHEAD"]
[WhiteElo "1000"]
[BlackElo "849"]
[PlyCount "50"]
[Result "0-1"]

1.e3 e5 2.Bc4 d5 3.Bb5+ Bd7 4.a4 c6 5.Nf3 cxb5 
6.h4 bxa4 7.Ng5 Qf6 8.Qh5 g6 9.Qf3 Qxf3 10.gxf3 
{i'm off now. I'll reply to your next move 
tomorrow.}  Be7 11.b3 f6 12.Nh3 axb3 13.cxb3 h5 
14.Rg1 Bxh3 15.Rxg6 Bf8 16.Rg3 Bd7 17.Ba3 Bxa3 
18.Rxa3 Bf5 19.Nc3 d4 20.Nd5 Kd8 21.Rg7 Nd7 22.e4 
Be6 23.Ra2 Rc8 24.Rxa7 d3 25.Rxb7 
Rc1+ 0-1

[Event "HCL-B115"]
[Site "www.playchess.de"]
[Date "2001.04.11"]
[Round "1"]
[White "wuliao"]
[Black "FrancoMatt"]
[WhiteElo "971"]
[BlackElo "1500"]
[PlyCount "74"]
[Result "0-1"]

1.Nf3 Nc6 2.Nc3 d5 3.d4 Nf6 4.e3 e6 5.Bd3 Bd6 
6.Nb5 Bb4+ 7.Bd2 Bxd2+ 8.Qxd2 a6 9.Nc3 O-O 
10.O-O-O Nb4 11.a3 Nxd3+ 12.Qxd3 a5 13.Ng5 h6 
14.h4 b6 15.f3 Ba6 16.Qd2 hxg5 17.hxg5 Nh7 18.f4 
g6 19.g3 f6 20.Qh2 Qe7 21.gxf6 Rxf6 22.e4 c6 23.e5 
Rf7 24.g4 g5 25.f5 exf5 26.gxf5 Rxf5 27.Qh3 Bc8 
28.Qh6 Be6 29.Ne2 Raf8 30.Ng3 R5f3 31.Nh5 Bg4 
32.Nf6+ R3xf6 33.exf6 Rxf6 34.Qh2 Bxd1 35.Kxd1 Rf4 
36.c3 Qc7 37.Rg1 Rf1+ 0-1